000 00921nam a2200205Ia 4500
003 OSt
005 20241028111851.0
007 ca aa aaaaa
008 201103s9999 xx 000 0 und d
040 _cSSBUL
041 _abur
082 _223
_a၂၉၄.၃၄၃၇
_b၉၂၅၀ S-SAT
100 0 _aအဂ္ဂဇေယျ၊ အရှင်(ရွှေမိုးမြေ)။
_955079
245 1 0 _aအမှတ်တရကုသိုလ်လက်ဆောင် /
_cအရှင်အဂ္ဂဇေယျ (ရွှေမိုးမြေ)။
260 _aရန်ကုန် ၊
_bရွှေပြည်ဟိန်းပုံနှိပ်တိုက်၊
_c၂၀၀၃။
300 _a၁၀၅ စာမျက်နှာ ၊
_c၁၆ စင်တီ။
500 _aS-SAT: Dr. Sai Aung Tun
650 _aဗုဒ္ဓဘာသာ
_xဝတ်ရွတ်စဉ်
942 _2ddc
_cBK1
999 _c16757
_d16757